|
|
|
|
| LEADER |
00000cas a2200000 c 4500 |
| 001 |
166514047 |
| 003 |
DE-627 |
| 005 |
20230403215059.0 |
| 007 |
tu |
| 008 |
941029d19631990fr z| p| 0 |0fre c |
| 016 |
7 |
|
|a 011224401
|2 DE-101
|
| 016 |
7 |
|
|a 210975-X
|2 DE-600
|
| 022 |
|
|
|a 0223-5919
|
| 035 |
|
|
|a (DE-627)166514047
|
| 035 |
|
|
|a (DE-576)014924005
|
| 035 |
|
|
|a (DE-599)ZDB210975-X
|
| 035 |
|
|
|a (OCoLC)1070872177
|
| 040 |
|
|
|a DE-627
|b ger
|c DE-627
|e rakwb
|
| 041 |
|
|
|a fre
|
| 044 |
|
|
|c XA-FR
|
| 082 |
0 |
4 |
|a 340
|q DE-600
|
| 245 |
0 |
0 |
|a Annales de Vaucresson
|c Ministère de la Justice, Direction de l'Education Surveillée, Centre de Formation et de Recherches de Vaucresson
|
| 264 |
3 |
1 |
|a Toulouse
|c 1963-1990
|
| 336 |
|
|
|a Text
|b txt
|2 rdacontent
|
| 337 |
|
|
|a ohne Hilfsmittel zu benutzen
|b n
|2 rdamedia
|
| 338 |
|
|
|a Band
|b nc
|2 rdacarrier
|
| 362 |
0 |
|
|a 1.1963 - 32/33.1990; damit Ersch. eingest.
|
| 363 |
0 |
0 |
|a 1
|i 1963
|
| 363 |
1 |
0 |
|a 32/33
|i 1990
|
| 591 |
|
|
|a C
|
| 655 |
|
7 |
|a Zeitschrift
|0 (DE-588)4067488-5
|0 (DE-627)10454466X
|0 (DE-576)20917000X
|2 gnd-content
|
| 710 |
2 |
|
|a Centre de Formation et de Recherche de l'Éducation Surveillée
|g Vaucresson
|e Herausgebendes Organ
|0 (DE-588)41197-8
|0 (DE-627)100939147
|0 (DE-576)190374829
|4 isb
|
| 951 |
|
|
|a JT
|
| ELC |
|
|
|b 1
|
| LOK |
|
|
|0 000 xxxxxcy a22 3n 4500
|
| LOK |
|
|
|0 001 2113056836
|
| LOK |
|
|
|0 003 DE-627
|
| LOK |
|
|
|0 004 166514047
|
| LOK |
|
|
|0 005 20031104000000
|
| LOK |
|
|
|0 008 880928||||||||||||||||ger|||||||
|
| LOK |
|
|
|0 035
|a (DE-600)015806545
|
| LOK |
|
|
|0 040
|a DE-21
|c DE-627
|d DE-21
|
| LOK |
|
|
|0 852
|8 1
|
| LOK |
|
|
|0 852
|a DE-21
|
| LOK |
|
|
|0 852 1
|c ZA 3716
|9 00
|
| LOK |
|
|
|0 85900
|8 1.1
|a 1
|i 1963
|
| LOK |
|
|
|0 85910
|8 1.2
|a 32/33
|i 1990
|
| LOK |
|
|
|0 86630
|a 1.1963 - 32/33.1990
|
| LOK |
|
|
|0 866 0
|z ZLS-WZ
|
| LOK |
|
|
|0 939
|a 28-09-88
|b z01
|
| LOK |
|
|
|0 000 xxxxxcx a22 zn 4500
|
| LOK |
|
|
|0 001 2873374160
|
| LOK |
|
|
|0 003 DE-627
|
| LOK |
|
|
|0 004 166514047
|
| LOK |
|
|
|0 005 20151117085620
|
| LOK |
|
|
|0 008 151117||||||||||||||||ger|||||||
|
| LOK |
|
|
|0 040
|a DE-21-110
|c DE-627
|d DE-21-110
|
| LOK |
|
|
|0 852
|z Kein Bestand am IfK; Nachweis für KrimDok
|
| LOK |
|
|
|0 852
|a DE-21-110
|
| LOK |
|
|
|0 852 1
|m v
|9 00
|
| LOK |
|
|
|0 938
|k v
|
| LOK |
|
|
|0 939
|a 17-11-15
|b l01
|
| LOK |
|
|
|0 000 xxxxxcy a22 3n 4500
|
| LOK |
|
|
|0 001 2113056798
|
| LOK |
|
|
|0 003 DE-627
|
| LOK |
|
|
|0 004 166514047
|
| LOK |
|
|
|0 005 20031104000000
|
| LOK |
|
|
|0 008 881013||||||||||||||||ger|||||||
|
| LOK |
|
|
|0 035
|a (DE-600)015806553
|
| LOK |
|
|
|0 040
|a DE-Frei85
|c DE-627
|d DE-Frei85
|
| LOK |
|
|
|0 852
|8 1
|
| LOK |
|
|
|0 852
|a DE-Frei85
|
| LOK |
|
|
|0 852 1
|9 00
|
| LOK |
|
|
|0 85900
|8 1.1
|a 1
|i 1963
|
| LOK |
|
|
|0 85910
|8 1.2
|a 32/33
|i 1990
|
| LOK |
|
|
|0 86630
|a 1.1963 - 32/33.1990
|
| LOK |
|
|
|0 939
|a 13-10-88
|b z01
|
| ORI |
|
|
|a WA-MARC-krimdokb001.raw
|
| SPR |
|
|
|a 1
|t KRI
|